000 00489cam a22001934a 4500
005 20250605164310.0
008 250528s ||||||||||||||||||||||||d
035 _a22436
020 _a9789603445579
040 _aGR-AtMCL
_bgre
_dGR-AtMCL
_eAACR2
245 1 _aΞΕΠΕΡΝΩΝΤΑΣ ΤΟ ΑΓΧΟΣ
250 _a1
260 _bΕλληνικά Γράμματα,
_c1999
300 _a303
700 1 _aKennerly Helen
_98223
942 _cBK
999 _c7488
_d7488